Normal view
MARC view
- An Introduction to Geographical Information Systems
Entry Topical Term
001 - CONTROL NUMBER
- control field: 69638
003 - CONTROL NUMBER IDENTIFIER
- control field: NUST
005 - DATE AND TIME OF LATEST TRANSACTION
- control field: 20210628204253.0
008 - FIXED-LENGTH DATA ELEMENTS
- fixed length control field: 210628|| aca||aabn | a|a d
040 ## - CATALOGING SOURCE
- Original cataloging agency: NUST
- Transcribing agency: NUST
150 ## - HEADING--TOPICAL TERM
- Topical term or geographic name entry element: An Introduction to Geographical Information Systems
670 ## - SOURCE DATA FOUND
- Source citation: Work cat.: (NUST): Heywood, Ian 69637, An introduction to geographical information systems, 2017
